[Event "4. Open Hotel Avenida de Canarias 2010"]
[Site "Vecindario ESP"]
[Date "2010.07.24"]
[Round "8.23"]
[White "Hernandez Leon, Sergio"]
[Black "Marrero Lopez, Agustin"]
[Result "1-0"]
[WhiteElo "2131"]
[BlackElo "1869"]
[PlyCount "39"]
[EventDate "2010.07.18"]
[EventType "swiss"]
[EventRounds "9"]
[EventCountry "ESP"]
[Source "lmi"]
[SourceDate "2010.07.18"]

1. d4 d5 2. c4 e6 3. Nc3 Nf6 4. cxd5 Nxd5 5. e4 Nxc3 6. bxc3 b6 7. Bd3 Bb7 8.
Ne2 Nd7 9. O-O Be7 10. f4 O-O 11. Be3 c5 12. Ng3 Rc8 13. e5 Qc7 14. f5 exf5 15.
Nxf5 Rce8 16. Qg4 g6 17. Nh6+ Kg7 18. Nxf7 Nf6 19. Bh6+ Kxf7 20. Bc4+ 1-0

[Event "4. Open Hotel Avenida de Canarias 2010"]
[Site "Vecindario ESP"]
[Date "2010.07.24"]
[Round "8.25"]
[White "Galiana Canillas, Antonio"]
[Black "Thomas, Fabien"]
[Result "0-1"]
[WhiteElo "1659"]
[BlackElo "2082"]
[PlyCount "50"]
[EventDate "2010.07.18"]
[EventType "swiss"]
[EventRounds "9"]
[EventCountry "ESP"]
[Source "lmi"]
[SourceDate "2010.07.18"]

1. c4 c6 2. Nc3 d5 3. d4 Nf6 4. c5 Nbd7 5. Nf3 e5 6. dxe5 Ng4 7. b4 Ngxe5 8. e3
a5 9. Nxe5 Nxe5 10. Qa4 Be6 11. b5 Bxc5 12. Ba3 Qe7 13. Bxc5 Qxc5 14. Rc1 O-O
15. Be2 Rac8 16. O-O Qb4 17. Qc2 cxb5 18. Rfd1 Rc5 19. Rd4 Qa3 20. Bxb5 Rfc8
21. Qd2 Rxc3 22. Rxc3 Qxc3 23. Qxc3 Rxc3 24. f4 Nc6 25. e4 Nxd4 0-1

[Event "4. Open Hotel Avenida de Canarias 2010"]
[Site "Vecindario ESP"]
[Date "2010.07.24"]
[Round "8.27"]
[White "Ramirez Medina, Victor"]
[Black "De La Hoz Sanchez, Ruben"]
[Result "1-0"]
[WhiteElo "1794"]
[BlackElo "2027"]
[PlyCount "111"]
[EventDate "2010.07.18"]
[EventType "swiss"]
[EventRounds "9"]
[EventCountry "ESP"]
[Source "lmi"]
[SourceDate "2010.07.18"]

1. e4 e5 2. Nf3 Nf6 3. Nxe5 d6 4. Nf3 Nxe4 5. Nc3 Nxc3 6. dxc3 Be7 7. Be3 Nd7
8. Qd2 O-O 9. O-O-O Ne5 10. h4 Be6 11. Kb1 Qe8 12. Nd4 a6 13. Bd3 b5 14. Qe2
Nxd3 15. Nxe6 fxe6 16. Rxd3 Qg6 17. Bg5 Rae8 18. Rg3 Qf5 19. f3 Bf6 20. Rgh3
Qe5 21. Qd2 Qc5 22. g4 Qc4 23. Be3 Be5 24. Qd3 Qxd3 25. cxd3 Bf4 26. Re1 Bxe3
27. Rxe3 e5 28. Rh1 Rf4 29. d4 e4 30. Rhe1 d5 31. Kc2 Kf7 32. Kd2 h5 33. gxh5
Rxh4 34. fxe4 dxe4 35. Rf1+ Kg8 36. Rf5 c6 37. Rg5 Rf8 38. Re2 Kh7 39. Reg2 Rf7
40. Rg6 Rxh5 41. Rxc6 Rh6 42. Rc5 Rg6 43. Re2 Re6 44. d5 Re5 45. Ke3 Rf3+ 46.
Kd4 Re8 47. Rxe4 Rd8 48. Rc6 Rf2 49. d6 Rxb2 50. Rxa6 Kg6 51. Kc5 Rc8+ 52. Rc6
Rd8 53. Kb6 Rc2 54. Kc7 Ra8 55. d7+ Kf7 56. Rc5 1-0

[Event "4. Open Hotel Avenida de Canarias 2010"]
[Site "Vecindario ESP"]
[Date "2010.07.24"]
[Round "8.28"]
[White "Garcia Blanco, Omar"]
[Black "Viera Falcon, Cristo"]
[Result "1-0"]
[WhiteElo "2179"]
[BlackElo "1782"]
[PlyCount "49"]
[EventDate "2010.07.18"]
[EventType "swiss"]
[EventRounds "9"]
[EventCountry "ESP"]
[Source "lmi"]
[SourceDate "2010.07.18"]

1. e4 d5 2. exd5 Nf6 3. d4 Nxd5 4. c4 Nb6 5. Nc3 g6 6. c5 Nd5 7. Qb3 c6 8. Bc4
Bg7 9. Nxd5 cxd5 10. Bxd5 e6 11. Bxb7 Bxb7 12. Qxb7 Nd7 13. Ne2 O-O 14. O-O Re8
15. Be3 Re7 16. Qf3 e5 17. d5 e4 18. Qh3 Re5 19. Rad1 Nf6 20. d6 Rh5 21. Qg3
Nd5 22. Nf4 Bd4 23. Rxd4 Rg5 24. Rxd5 Rxg3 25. hxg3 1-0

[Event "4. Open Hotel Avenida de Canarias 2010"]
[Site "Vecindario ESP"]
[Date "2010.07.24"]
[Round "8.29"]
[White "Morales Hengmith, Chantal"]
[Black "Stojanovic, Marija R"]
[Result "0-1"]
[WhiteElo "1592"]
[BlackElo "2151"]
[PlyCount "80"]
[EventDate "2010.07.18"]
[EventType "swiss"]
[EventRounds "9"]
[EventCountry "ESP"]
[Source "lmi"]
[SourceDate "2010.07.18"]

1. e4 c5 2. c3 d5 3. exd5 Qxd5 4. d4 e6 5. Nf3 Nf6 6. Be3 cxd4 7. cxd4 Nc6 8.
Nc3 Qd8 9. Bb5 Bd7 10. O-O Be7 11. Rc1 O-O 12. Ne2 Nb4 13. Bc4 Nbd5 14. Qb3 Qb6
15. Qxb6 Nxb6 16. Bd3 Bc6 17. Ne5 Bd5 18. b3 Rac8 19. Bg5 h6 20. Bxf6 Bxf6 21.
Ng4 Be7 22. Nf4 Ba3 23. Rcd1 Rfd8 24. Bb1 Bc6 25. Rfe1 Bb2 26. Ne2 Nd5 27. Ne5
Nc3 28. Nxc3 Bxc3 29. Nxc6 Rxc6 30. Re3 Bxd4 31. Be4 Rcd6 32. Red3 f5 33. Bxb7
Bxf2+ 34. Kxf2 Rxd3 35. Re1 Rd2+ 36. Kf3 Kf7 37. h3 R8d3+ 38. Re3 Rxe3+ 39.
Kxe3 Rxa2 40. b4 Rb2 0-1

[Event "4. Open Hotel Avenida de Canarias 2010"]
[Site "Vecindario ESP"]
[Date "2010.07.24"]
[Round "8.30"]
[White "Mayor Gonzalez, Julio"]
[Black "Korneev, Svyatoslav"]
[Result "1/2-1/2"]
[WhiteElo "1918"]
[BlackElo "1724"]
[PlyCount "105"]
[EventDate "2010.07.18"]
[EventType "swiss"]
[EventRounds "9"]
[EventCountry "ESP"]
[Source "lmi"]
[SourceDate "2010.07.18"]

1. d4 Nf6 2. Nf3 g6 3. g3 Bg7 4. Bg2 c5 5. e3 O-O 6. O-O Na6 7. Nbd2 d5 8. c3
Bf5 9. Ne5 Qc8 10. b3 Bh3 11. Ba3 Bxg2 12. Kxg2 Nd7 13. Nd3 e5 14. Rc1 Qc6 15.
f4 e4 16. Ne5 Nxe5 17. fxe5 b5 18. c4 b4 19. Bb2 cxd4 20. Bxd4 Rfe8 21. cxd5
Qxd5 22. Qe2 Re6 23. Nc4 Nc5 24. Bxc5 Qxc5 25. Rxf7 Bxe5 26. Rcf1 a6 27. Qg4
Rae8 28. Qxe4 Bf6 29. Qb7 R8e7 30. Rxe7 Rxe7 31. Qxa6 Qd5+ 32. Kg1 Re6 33. Qa7
h5 34. Qb8+ Kg7 35. Qf4 Qa8 36. Rf2 Qd8 37. Rd2 Qc8 38. h4 Qc6 39. Rf2 Re4 40.
Qf3 Qe6 41. Rd2 Be7 42. Rd3 Bc5 43. Kf2 Qe7 44. Rd7 Qxd7 45. Qxe4 Qa7 46. Kf3
Kh7 47. Ne5 Qa6 48. Nd3 Bf8 49. Qd5 Qxa2 50. Qf7+ Bg7 51. Nf4 Qb1 52. Ke2 Qc2+
53. Ke1 1/2-1/2

[Event "4. Open Hotel Avenida de Canarias 2010"]
[Site "Vecindario ESP"]
[Date "2010.07.24"]
[Round "8.31"]
[White "Estevez Hernandez, Cristo"]
[Black "Jimenez Mendoza, Jose Miguel"]
[Result "1/2-1/2"]
[WhiteElo "1870"]
[BlackElo "1696"]
[PlyCount "99"]
[EventDate "2010.07.18"]
[EventType "swiss"]
[EventRounds "9"]
[EventCountry "ESP"]
[Source "lmi"]
[SourceDate "2010.07.18"]

1. d4 d5 2. c4 e6 3. Nc3 Nf6 4. Bg5 Be7 5. Nf3 h6 6. Bh4 Nbd7 7. cxd5 exd5 8.
e3 c6 9. Bd3 O-O 10. Qc2 Re8 11. O-O Nh5 12. Bxe7 Qxe7 13. Rfe1 Qd6 14. e4 dxe4
15. Nxe4 Qf8 16. Bc4 Ndf6 17. Nxf6+ Nxf6 18. Qb3 b5 19. Rxe8 Nxe8 20. Bd3 Be6
21. Qc2 Bd5 22. Bh7+ Kh8 23. Be4 Qd6 24. Re1 Kg8 25. Bxd5 cxd5 26. Rc1 Kf8 27.
Qc5 a6 28. b3 Rd8 29. Ne5 Qxc5 30. Rxc5 Rd6 31. f3 Ke7 32. Kf2 f6 33. Nd3 Kd7
34. Rc2 Nc7 35. Nc5+ Kc8 36. b4 Kb8 37. Re2 h5 38. Re7 g5 39. Rf7 a5 40. a3
axb4 41. axb4 Ne6 42. Rb7+ Kc8 43. Rxb5 Nc7 44. Ra5 Rb6 45. Nd3 Kd7 46. Ke3 Kd6
47. Ra1 Rb8 48. Rd1 Re8+ 49. Kf2 Nb5 50. Nc5 1/2-1/2

[Event "4. Open Hotel Avenida de Canarias 2010"]
[Site "Vecindario ESP"]
[Date "2010.07.24"]
[Round "8.32"]
[White "Carmona Ojeda, Victor"]
[Black "Buet, Samuel"]
[Result "1-0"]
[WhiteElo "1540"]
[BlackElo "1858"]
[PlyCount "171"]
[EventDate "2010.07.18"]
[EventType "swiss"]
[EventRounds "9"]
[EventCountry "ESP"]
[Source "lmi"]
[SourceDate "2010.07.18"]

1. e4 c5 2. Nf3 d6 3. d4 cxd4 4. Nxd4 Nf6 5. Nc3 g6 6. f3 Bg7 7. Be3 O-O 8. Qd2
Nc6 9. O-O-O d5 10. exd5 Nxd5 11. Nxc6 bxc6 12. Nxd5 cxd5 13. Qxd5 Qc7 14. Qxa8
Bf5 15. Qxf8+ Kxf8 16. Bd3 Be6 17. Kb1 Qa5 18. a3 f5 19. Bc1 Qd5 20. c4 Qc5 21.
Rhe1 Kf7 22. Be3 Qc7 23. Rd2 a5 24. g3 Bxc4 25. Bxc4+ Qxc4 26. Bg5 Bf6 27. Bxf6
Kxf6 28. Rde2 Qd3+ 29. Ka1 Qxf3 30. Rxe7 h6 31. R7e5 Qf2 32. R1e2 Qg1+ 33. Ka2
a4 34. Re6+ Kg5 35. Rc6 Qd1 36. Rcc2 Qd5+ 37. Kb1 Qd1+ 38. Ka2 Qd5+ 39. Kb1 Kg4
40. Red2 Qe4 41. Ka1 Qe1+ 42. Ka2 Qe6+ 43. Kb1 Qe1+ 44. Ka2 Qe4 45. Rc3 Qe6+
46. Kb1 Qe1+ 47. Kc2 Qe4+ 48. Rcd3 Qc4+ 49. Kb1 Qe4 50. Ka1 Qe1+ 51. Rd1 Qe2
52. Rd4+ Kg5 53. h4+ Kh5 54. Rd5 Kg4 55. R1d3 Kh3 56. R5d4 Qe1+ 57. Ka2 Qe6+
58. Kb1 Qe1+ 59. Kc2 Qf2+ 60. Rd2 Qf3 61. Rxa4 Qc6+ 62. Kb3 Qb5+ 63. Rb4 Qa6
64. Rc4 Qb5+ 65. Kc3 Kxg3 66. Rd3+ Kh2 67. b3 Qe5+ 68. Kc2 f4 69. Kb1 f3 70.
Rc2+ Kg3 71. b4 Qe4 72. Rdc3 Qxh4 73. b5 Qe4 74. Ka2 Qd5+ 75. Rb3 g5 76. b6 Qb7
77. Rc7 Qb8 78. Rcc3 g4 79. b7 Kg2 80. Rc8 Qd6 81. b8=Q Qxb8 82. Rbxb8 f2 83.
Rb2 g3 84. a4 Kh3 85. Rc1 Kg2 86. a5 1-0

[Event "4. Open Hotel Avenida de Canarias 2010"]
[Site "Vecindario ESP"]
[Date "2010.07.24"]
[Round "8.35"]
[White "Gonzalez Intelangelo, Gerardo"]
[Black "Sanchez Ramirez, Gustavo"]
[Result "1-0"]
[WhiteElo "2104"]
[BlackElo "1661"]
[PlyCount "58"]
[EventDate "2010.07.18"]
[EventType "swiss"]
[EventRounds "9"]
[EventCountry "ESP"]
[Source "lmi"]
[SourceDate "2010.07.18"]

1. e4 e5 2. Nf3 Nf6 3. d3 Nc6 4. c3 d6 5. Be2 Be7 6. O-O O-O 7. Nbd2 h6 8. b4
Nh7 9. b5 Na5 10. d4 f6 11. Qc2 b6 12. Bb2 Ng5 13. Nxg5 fxg5 14. f3 Qe8 15. Rf2
Qg6 16. Raf1 g4 17. fxg4 Rxf2 18. Rxf2 Bxg4 19. Nf3 Rf8 20. Qc1 h5 21. Kh1 Bxf3
22. gxf3 h4 23. Rg2 Qe6 24. Rg4 h3 25. Ba3 Qf7 26. Rg3 Qe6 27. Qg1 Kf7 28.
Rxg7+ Ke8 29. Qg6+ Kd8 1-0

[Event "4. Open Hotel Avenida de Canarias 2010"]
[Site "Vecindario ESP"]
[Date "2010.07.24"]
[Round "8.36"]
[White "Almeida Sanchez, Ciriaco"]
[Black "Reyes Hidalgo, Alejandro"]
[Result "0-1"]
[WhiteElo "2002"]
[BlackElo "1613"]
[PlyCount "108"]
[EventDate "2010.07.18"]
[EventType "swiss"]
[EventRounds "9"]
[EventCountry "ESP"]
[Source "lmi"]
[SourceDate "2010.07.18"]

1. e4 e5 2. Nf3 Nc6 3. Bc4 Bc5 4. c3 Nf6 5. d3 d6 6. O-O O-O 7. Nbd2 Be6 8. Bb3
a6 9. Re1 Qd7 10. Bc2 Rfe8 11. Nf1 Bg4 12. Ng3 Bxf3 13. Qxf3 Qg4 14. Bd1 Qxf3
15. Bxf3 h6 16. Be3 Nd7 17. Rad1 Bb6 18. Bg4 Rad8 19. Bxd7 Rxd7 20. Bxb6 cxb6
21. Nf5 Ne7 22. Ne3 Red8 23. Kf1 d5 24. exd5 Nxd5 25. Nxd5 Rxd5 26. Ke2 b5 27.
Rd2 f6 28. Red1 Kf7 29. Ke3 g5 30. d4 Ke6 31. g4 f5 32. gxf5+ Kxf5 33. dxe5
Rxd2 34. Rxd2 Rxd2 35. Kxd2 Kxe5 36. Ke3 h5 37. h3 g4 38. h4 b6 39. f3 g3 40.
f4+ Kf5 41. Kf3 g2 42. Kxg2 Kxf4 43. Kh3 a5 44. Kg2 Kg4 45. b3 Kxh4 46. Kf3 Kg5
47. Kg3 Kf5 48. Kh4 Ke4 49. Kxh5 Kd3 50. c4 bxc4 51. bxc4 Kxc4 52. Kg4 Kb4 53.
Kf3 Ka3 54. Ke3 Kxa2 0-1

[Event "4. Open Hotel Avenida de Canarias 2010"]
[Site "Vecindario ESP"]
[Date "2010.07.24"]
[Round "8.37"]
[White "Aleman Alamo, Nicolas"]
[Black "Stojanovic, Kosara"]
[Result "1/2-1/2"]
[WhiteElo "1681"]
[BlackElo "1954"]
[PlyCount "26"]
[EventDate "2010.07.18"]
[EventType "swiss"]
[EventRounds "9"]
[EventCountry "ESP"]
[Source "lmi"]
[SourceDate "2010.07.18"]

1. d4 d5 2. c4 e6 3. Nc3 Nf6 4. Nf3 Be7 5. Bf4 O-O 6. e3 c6 7. h3 Nbd7 8. Be2
h6 9. O-O dxc4 10. Bxc4 Re8 11. Rc1 Nd5 12. Bg3 Nxc3 13. Rxc3 Bf6 1/2-1/2

[Event "4. Open Hotel Avenida de Canarias 2010"]
[Site "Vecindario ESP"]
[Date "2010.07.24"]
[Round "8.38"]
[White "Reyes Molina, Juan Pedro"]
[Black "Guerrero Romero, Antonio"]
[Result "0-1"]
[WhiteElo "1672"]
[BlackElo "1911"]
[PlyCount "94"]
[EventDate "2010.07.18"]
[EventType "swiss"]
[EventRounds "9"]
[EventCountry "ESP"]
[Source "lmi"]
[SourceDate "2010.07.18"]

1. d4 Nf6 2. c4 e6 3. Nc3 b6 4. Nf3 Bb7 5. g3 Be7 6. Bg2 O-O 7. O-O h6 8. Re1
d5 9. Ne5 Nbd7 10. cxd5 exd5 11. Qc2 Rc8 12. Bh3 c5 13. Nxd7 Nxd7 14. Qf5 Nf6
15. e3 a6 16. Ne2 Rc7 17. Qd3 c4 18. Qb1 Re8 19. Nc3 b5 20. a3 Bd6 21. e4 Nxe4
22. Nxe4 Rxe4 23. Rxe4 dxe4 24. Be3 Bd5 25. Qe1 Re7 26. Rc1 Bc7 27. Qe2 Qd6 28.
Bf4 Qg6 29. Bxc7 Rxc7 30. Qe3 Qg5 31. Rc3 Qxe3 32. fxe3 a5 33. Kf2 g6 34. Ke2
Kg7 35. Kd2 Rb7 36. Bg4 Rb6 37. Bd1 h5 38. b4 axb4 39. axb4 Ra6 40. Kc1 Ra1+
41. Kd2 Rb1 42. Ra3 Rxb4 43. Ra5 Rb2+ 44. Bc2 b4 45. Rxd5 b3 46. Kc3 Rxc2+ 47.
Kb4 b2 0-1

[Event "4. Open Hotel Avenida de Canarias 2010"]
[Site "Vecindario ESP"]
[Date "2010.07.24"]
[Round "8.39"]
[White "Perez Castellano, Yaiza"]
[Black "Rodriguez Perez, Jezabel"]
[Result "0-1"]
[WhiteElo "1610"]
[BlackElo "1905"]
[PlyCount "58"]
[EventDate "2010.07.18"]
[EventType "swiss"]
[EventRounds "9"]
[EventCountry "ESP"]
[Source "lmi"]
[SourceDate "2010.07.18"]

1. e4 d5 2. exd5 Qxd5 3. Nc3 Qa5 4. d4 c6 5. Nf3 Bf5 6. Bc4 e6 7. O-O Nf6 8.
Bf4 Nbd7 9. h3 Nd5 10. Nxd5 cxd5 11. Bd3 Bxd3 12. Qxd3 Qb6 13. Rab1 Bd6 14.
Bxd6 Qxd6 15. Qb5 O-O 16. Rfe1 a6 17. Qd3 h6 18. Ne5 Nf6 19. Qg3 Ne4 20. Qf4
Rac8 21. Re2 Qb4 22. c4 Nc3 23. Qd2 Nxe2+ 24. Qxe2 dxc4 25. Rc1 b5 26. Nd7 Rfd8
27. Ne5 Rxd4 28. Qf3 Rf8 29. Rb1 Qd6 0-1

[Event "4. Open Hotel Avenida de Canarias 2010"]
[Site "Vecindario ESP"]
[Date "2010.07.24"]
[Round "8.40"]
[White "Diaz Suarez, Cayetano"]
[Black "Santana Gil, Odama"]
[Result "1-0"]
[WhiteElo "1847"]
[BlackElo "1606"]
[PlyCount "97"]
[EventDate "2010.07.18"]
[EventType "swiss"]
[EventRounds "9"]
[EventCountry "ESP"]
[Source "lmi"]
[SourceDate "2010.07.18"]

1. e4 e5 2. Nf3 Nc6 3. Bc4 Nf6 4. Ng5 d5 5. exd5 Nd4 6. c3 b5 7. Bf1 Nxd5 8.
cxd4 Qxg5 9. Bxb5+ Bd7 10. Bxd7+ Kxd7 11. Qf3 exd4 12. O-O f6 13. Nc3 dxc3 14.
dxc3 Qe5 15. c4 Nb6 16. Bf4 Qc5 17. Be3 Qe5 18. Bxb6 axb6 19. Qxa8 Bd6 20. Qa4+
Kc8 21. g3 Kb7 22. b4 Ra8 23. Qb3 h5 24. Rad1 Qf5 25. c5 Bf8 26. cxb6 cxb6 27.
b5 Rc8 28. Qf7+ Kb8 29. Rd7 Qf3 30. Qd5 Qxd5 31. Rxd5 Bc5 32. Rxh5 Re8 33. Rh7
g5 34. Rf7 Bd4 35. Rd1 Be5 36. Rdd7 Kc8 37. a4 Bb2 38. Rc7+ Kb8 39. Rb7+ Kc8
40. Rxb6 Re1+ 41. Kg2 Re8 42. a5 Bd4 43. Rd6 Be5 44. Rdd7 Kb8 45. b6 Bc3 46. a6
Ba5 47. Rb7+ Ka8 48. Ra7+ Kb8 49. Rfb7+ 1-0

[Event "4. Open Hotel Avenida de Canarias 2010"]
[Site "Vecindario ESP"]
[Date "2010.07.24"]
[Round "8.41"]
[White "Perez Martin, Alain"]
[Black "Perez Castellano, Susana"]
[Result "0-1"]
[WhiteElo "1607"]
[BlackElo "1794"]
[PlyCount "54"]
[EventDate "2010.07.18"]
[EventType "swiss"]
[EventRounds "9"]
[EventCountry "ESP"]
[Source "lmi"]
[SourceDate "2010.07.18"]

1. e4 e5 2. Nf3 Nc6 3. d4 exd4 4. Nxd4 Bc5 5. Be3 Qf6 6. c3 Nge7 7. Bb5 Bb6 8.
O-O O-O 9. Na3 d6 10. Nac2 Ne5 11. Qd2 Qg6 12. f4 Ng4 13. f5 Qf6 14. Bg5 Qe5
15. Bf4 Qxb5 16. Kh1 Qd7 17. Rf3 Nf6 18. Re1 Nc6 19. Bh6 Ne8 20. Rh3 f6 21.
Ree3 Rf7 22. Reg3 Nxd4 23. cxd4 Qb5 24. Ne3 Ba5 25. Qc1 Qe2 26. Nc2 Bd7 27. Re3
Qd2 0-1

[Event "4. Open Hotel Avenida de Canarias 2010"]
[Site "Vecindario ESP"]
[Date "2010.07.25"]
[Round "9.1"]
[White "Campos Gambuti, Luis Maria"]
[Black "Munoz Pantoja, Miguel"]
[Result "1/2-1/2"]
[WhiteElo "2446"]
[BlackElo "2494"]
[PlyCount "24"]
[EventDate "2010.07.18"]
[EventType "swiss"]
[EventRounds "9"]
[EventCountry "ESP"]
[Source "lmi"]
[SourceDate "2010.07.18"]

1. d4 Nf6 2. Nf3 g6 3. g3 Bg7 4. Bg2 O-O 5. O-O d6 6. a4 c5 7. dxc5 dxc5 8.
Qxd8 Rxd8 9. Ne5 Na6 10. Na3 Nd5 11. Nec4 Nab4 12. Rd1 Be6 1/2-1/2

[Event "4. Open Hotel Avenida de Canarias 2010"]
[Site "Vecindario ESP"]
[Date "2010.07.25"]
[Round "9.2"]
[White "Salgado Lopez, Ivan"]
[Black "Vera Gonzalez-Quevedo, Reynaldo"]
[Result "1-0"]
[WhiteElo "2607"]
[BlackElo "2513"]
[PlyCount "105"]
[EventDate "2010.07.18"]
[EventType "swiss"]
[EventRounds "9"]
[EventCountry "ESP"]
[Source "lmi"]
[SourceDate "2010.07.18"]

1. c4 Nf6 2. Nf3 e6 3. g3 d5 4. Bg2 c5 5. cxd5 exd5 6. d4 Nc6 7. O-O Be7 8. Nc3
O-O 9. Bg5 c4 10. e3 Be6 11. Ne1 Ne8 12. Bxe7 Nxe7 13. b3 Rc8 14. bxc4 Rxc4 15.
Ne2 f6 16. Nf4 Bf7 17. Ned3 b6 18. Bh3 Nc7 19. Nb2 Rc6 20. Qa4 Qd6 21. Rfc1 Ra8
22. Rxc6 Nxc6 23. Rc1 Be8 24. Qc2 Kh8 25. Nd1 a5 26. Nc3 b5 27. Ncxd5 Nxd5 28.
Nxd5 Qxd5 29. Bg2 Qc4 30. Qb1 Bg6 31. Rxc4 Bxb1 32. Rxc6 Rb8 33. Bd5 a4 34. a3
h5 35. Ra6 Bd3 36. Rc6 Kh7 37. Kg2 Kh6 38. Kf3 b4 39. axb4 Rxb4 40. Be4 Bc4 41.
Rc8 g6 42. Ra8 f5 43. Bc6 Bb3 44. Kf4 Rc4 45. Ra6 Rc2 46. f3 a3 47. Rxa3 Bf7
48. d5 Rxh2 49. d6 Rd2 50. Ke5 g5 51. d7 h4 52. gxh4 gxh4 53. Ra8 1-0

[Event "4. Open Hotel Avenida de Canarias 2010"]
[Site "Vecindario ESP"]
[Date "2010.07.25"]
[Round "9.3"]
[White "Hernando Rodrigo, Jose Maria"]
[Black "Kurajica, Bojan"]
[Result "0-1"]
[WhiteElo "2328"]
[BlackElo "2528"]
[PlyCount "64"]
[EventDate "2010.07.18"]
[EventType "swiss"]
[EventRounds "9"]
[EventCountry "ESP"]
[Source "lmi"]
[SourceDate "2010.07.18"]

1. d4 Nf6 2. Nf3 e6 3. e3 c5 4. Bd3 Nc6 5. O-O d5 6. b3 Bd6 7. Bb2 Qc7 8. a3 e5
9. dxe5 Nxe5 10. Nxe5 Bxe5 11. Bxe5 Qxe5 12. Bb5+ Ke7 13. Nd2 Rd8 14. Qe2 Be6
15. Bd3 Kf8 16. f4 Qc3 17. f5 Bd7 18. g4 h6 19. h4 Nxg4 20. Qxg4 Qxd2 21. Qg3
f6 22. Rae1 Qc3 23. Re2 Qe5 24. Rf4 Be8 25. e4 Bc6 26. Qg4 dxe4 27. Bc4 Rd1+
28. Kh2 e3 29. Rg2 Bxg2 30. Kxg2 Rd2+ 31. Kh3 Rad8 32. Be6 R8d4 0-1

[Event "4. Open Hotel Avenida de Canarias 2010"]
[Site "Vecindario ESP"]
[Date "2010.07.25"]
[Round "9.4"]
[White "Fernandez Siles, Luis"]
[Black "Robin, Samy"]
[Result "0-1"]
[WhiteElo "2368"]
[BlackElo "2308"]
[PlyCount "78"]
[EventDate "2010.07.18"]
[EventType "swiss"]
[EventRounds "9"]
[EventCountry "ESP"]
[Source "lmi"]
[SourceDate "2010.07.18"]

1. d4 Nf6 2. c4 g6 3. Nc3 Bg7 4. e4 d6 5. Nf3 O-O 6. Be2 e5 7. O-O Nc6 8. d5
Ne7 9. b4 Ne8 10. a4 f5 11. a5 f4 12. c5 h6 13. Nd2 Nf6 14. Nc4 g5 15. f3 Ng6
16. Ba3 Rf7 17. b5 Bf8 18. b6 dxc5 19. bxc7 Rxc7 20. Qb3 Rg7 21. d6 Kh7 22. h3
h5 23. Kf2 g4 24. hxg4 Nxg4+ 25. Ke1 Ne3 26. Nxe3 Qh4+ 27. Kd1 fxe3 28. Kc2 Nf4
29. g4 Be6 30. Qb5 Bxd6 31. Rh1 Qf6 32. Rad1 a6 33. Qb6 Bc7 34. Qxb7 Rb8 35.
Qxa6 Bb3+ 36. Kc1 Qxa6 37. Bxa6 Bxa5 38. Ne2 Bxd1 39. Nxf4 Bd2+ 0-1

[Event "4. Open Hotel Avenida de Canarias 2010"]
[Site "Vecindario ESP"]
[Date "2010.07.25"]
[Round "9.5"]
[White "Pile, Richard"]
[Black "Cabrera Trujillo, Jorge"]
[Result "1/2-1/2"]
[WhiteElo "2317"]
[BlackElo "2365"]
[PlyCount "46"]
[EventDate "2010.07.18"]
[EventType "swiss"]
[EventRounds "9"]
[EventCountry "ESP"]
[Source "lmi"]
[SourceDate "2010.07.18"]

1. c4 Nf6 2. Nc3 g6 3. g3 Bg7 4. Bg2 O-O 5. d3 d6 6. Rb1 e5 7. Bg5 h6 8. Bxf6
Bxf6 9. b4 Bg7 10. Nf3 Re8 11. Qc2 a5 12. b5 Nd7 13. Nd5 c6 14. bxc6 bxc6 15.
Nc3 Nc5 16. Nd2 Bd7 17. Nde4 Nxe4 18. Nxe4 Qc7 19. O-O Rab8 20. Nd2 Rb4 21. a3
Rbb8 22. Qa4 Bf8 23. Rfc1 Be7 1/2-1/2

[Event "4. Open Hotel Avenida de Canarias 2010"]
[Site "Vecindario ESP"]
[Date "2010.07.25"]
[Round "9.6"]
[White "Tatai, Stefano"]
[Black "Bressac, Stephane"]
[Result "1-0"]
[WhiteElo "2357"]
[BlackElo "2190"]
[PlyCount "77"]
[EventDate "2010.07.18"]
[EventType "swiss"]
[EventRounds "9"]
[EventCountry "ESP"]
[Source "lmi"]
[SourceDate "2010.07.18"]

1. e4 e6 2. d4 d5 3. Nc3 Nf6 4. e5 Nfd7 5. f4 c5 6. Nf3 Nc6 7. Be3 a6 8. Qd2 b5
9. a3 Qa5 10. dxc5 Bxc5 11. Bxc5 Nxc5 12. Bd3 O-O 13. O-O Qc7 14. Qe3 Nxd3 15.
cxd3 d4 16. Nxd4 Qb6 17. Nc2 Qxe3+ 18. Nxe3 Rd8 19. Rad1 g5 20. Ng4 gxf4 21.
Rxf4 Kg7 22. d4 b4 23. axb4 Rb8 24. b5 axb5 25. Nf6 b4 26. Rg4+ Kf8 27. Rg8+
Ke7 28. Rxd8 Kxd8 29. Nce4 Ke7 30. Kf2 Bb7 31. Ke3 Rd8 32. Rd2 Na5 33. Rc2 Nc6
34. Rc4 b3 35. Nc5 Ba8 36. g4 h6 37. h4 Rb8 38. Ra4 Kd8 39. Ncd7 1-0

[Event "4. Open Hotel Avenida de Canarias 2010"]
[Site "Vecindario ESP"]
[Date "2010.07.25"]
[Round "9.7"]
[White "Barlov, Dragan"]
[Black "Perez Felipe, Marcos Adrian"]
[Result "1-0"]
[WhiteElo "2493"]
[BlackElo "2273"]
[PlyCount "139"]
[EventDate "2010.07.18"]
[EventType "swiss"]
[EventRounds "9"]
[EventCountry "ESP"]
[Source "lmi"]
[SourceDate "2010.07.18"]

1. e4 c5 2. c3 d5 3. exd5 Qxd5 4. d4 Nf6 5. Nf3 e6 6. Na3 Qd8 7. Nc2 Be7 8. g3
b6 9. Bg2 Bb7 10. O-O O-O 11. Qe2 Qc8 12. Rd1 Rd8 13. Bg5 h6 14. Bxf6 Bxf6 15.
dxc5 Rxd1+ 16. Rxd1 Qxc5 17. Ne5 Bxg2 18. Kxg2 Nc6 19. Nd7 Qe7 20. Qf3 Rc8 21.
Nxf6+ Qxf6 22. Qxf6 gxf6 23. Kf3 f5 24. Ke2 Rc7 25. Nd4 Nxd4+ 26. Rxd4 Kg7 27.
Kd3 Kf6 28. Rd8 Kg5 29. Rg8+ Kf6 30. f4 Rd7+ 31. Ke2 Rc7 32. Rh8 Kg7 33. Rd8
Kf6 34. Kd3 Kg6 35. b4 f6 36. c4 e5 37. Rd5 e4+ 38. Kc3 Re7 39. Rd1 Kh5 40. h3
Rg7 41. Rg1 Rd7 42. c5 b5 43. Kc2 Rd4 44. a3 Rd3 45. g4+ fxg4 46. hxg4+ Kh4 47.
Rd1 Rxa3 48. c6 Ra6 49. Rd6 Kxg4 50. Rxf6 Kf3 51. c7 Rxf6 52. c8=Q Kxf4 53.
Qb8+ Kg4 54. Qxb5 Rf2+ 55. Kc3 h5 56. Qc5 Kg3 57. Qxa7 h4 58. Kd4 h3 59. Qg7+
Kf3 60. Qf7+ Kg2 61. Qg6+ Kf1 62. Qxe4 h2 63. Qh1+ Ke2 64. Ke4 Kd2 65. b5 Kc3
66. Ke3 Rb2 67. Qc6+ Kb3 68. b6 Ka2 69. b7 Ka3 70. Qa6+ 1-0

[Event "4. Open Hotel Avenida de Canarias 2010"]
[Site "Vecindario ESP"]
[Date "2010.07.25"]
[Round "9.8"]
[White "Vega Gutierrez, Belinda"]
[Black "Andres Gonzalez, Alberto"]
[Result "0-1"]
[WhiteElo "2266"]
[BlackElo "2492"]
[PlyCount "120"]
[EventDate "2010.07.18"]
[EventType "swiss"]
[EventRounds "9"]
[EventCountry "ESP"]
[Source "lmi"]
[SourceDate "2010.07.18"]

1. e4 c5 2. Nf3 d6 3. d4 cxd4 4. Nxd4 Nf6 5. Nc3 Nc6 6. Bc4 Qb6 7. Nb3 e6 8.
O-O a6 9. Re1 Be7 10. Bg5 Qc7 11. a4 h6 12. Be3 b6 13. Nd2 Bb7 14. Qe2 Nb4 15.
Bb3 d5 16. exd5 Nbxd5 17. Nxd5 Nxd5 18. Bxd5 Bxd5 19. c4 Bb7 20. Nb3 O-O 21.
Bd4 Rac8 22. Qg4 Bg5 23. h4 f5 24. Qe2 Bxh4 25. Qxe6+ Rf7 26. Bxb6 Qxc4 27. Na5
Qxe6 28. Rxe6 Bd5 29. Rd6 Rf6 30. Rd8+ Rxd8 31. Bxd8 Rg6 32. Bxh4 Rxg2+ 33. Kf1
Rh2 34. Ke2 Rxh4 35. Rd1 Re4+ 36. Kf1 Bf7 37. b3 f4 38. Rd8+ Kh7 39. Rd6 Bh5
40. Nc4 Be2+ 41. Kg2 f3+ 42. Kg3 h5 43. Nd2 Rg4+ 44. Kh3 g6 45. Rd7+ Kh6 46.
Rf7 Rd4 47. Nxf3 Rd3 48. Kg2 Rxb3 49. Nd4 Bc4 50. Nxb3 Bxf7 51. Nc5 Bc4 52. Kg3
Kg7 53. a5 Kf6 54. Ne4+ Ke5 55. Nd2 Bd5 56. f4+ Kd4 57. Nf1 Ke4 58. Nd2+ Ke3
59. Nf1+ Ke2 60. Nh2 Be4 0-1